| 000 | 00722nam a2200217 a 4500 | ||
|---|---|---|---|
| 001 | 000024282 | ||
| 005 | 20260202091015.0 | ||
| 008 | 110125s1991 pn a r 000 0 spa d | ||
| 020 | _a0944499961 | ||
| 040 |
_aDO-SdBNP _bspa _cBNPHU |
||
| 082 |
_a158.2 _bA654t |
||
| 245 | 0 | 0 |
_aAprenda las técnicas para conquistar / _cDirección general, María Eloísa Alvarez del Real. |
| 260 |
_aPanamá : _bEditorial América, _c1991. |
||
| 300 |
_a288 p. : _bil. ; _c21 cm. |
||
| 504 | _aIncluye referencias bibliográficas (287-288) | ||
| 650 | 0 |
_aPsicología aplicada _91579 |
|
| 650 | 0 |
_aRelaciones humanas _9606 |
|
| 650 | 0 |
_aPsicología social _91574 |
|
| 700 | 1 |
_aAlvarez Del Real, María Eloísa. _942868 |
|
| 049 | _aBNGR | ||
| 999 |
_c23776 _d23776 |
||